Statistics for Game of Thrones - Season 7

Click here to take the quiz!

General Stats

  • This quiz has been taken 843 times
  • The average score is 44 of 51

Answer Stats

Hint Answer % Correct
The self-proclaimed Queen of the Seven Kingdoms wiped out her competition with wildfire1Cersei
100%
The "Kingslayer" is in love with 1, his twin sister3Jaime
99%
The King, 1's husband, was gored by a wild boar after drinking too much wine5Robert
97%
The sadistic son of 1 was poisoned by 20 at his wedding6Joffrey
97%
The Unsullied soldier commands 15's army18Grey
95%
The trained assassin and youngest daughter crosses enemies off her kill list35Arya
95%
He struggles with his ability to see - and potentially change - the past13Bran
95%
1's youngest son jumped to his death after witnessing a mass murder orchestrated by his mother7Tommen
95%
15's newly named Hand of the Queen longs to take down 1, his estranged sister19Tyrion
94%
The King in the North amasses an army to defend the Wall against the White Walkers24Jon
94%
His family's former ward, who backs his sister 21's ambition22Theon
93%
5's younger brother, executed by 29 after the defeat of his army10Stannis
92%
She struggles to reconcile her own support for 24 with her own desire for power28Sansa
92%
Surname of 1 and 3Lannister
92%
Surname of 5, 6, 7, 10 and 11Baratheon
91%
Surname of 13, 28 and 35Stark
91%
24's closest friend trains to become a maester of the Citadel14Samwell
91%
The dragon queen returns to Westeros to retake the Iron Throne15Daenerys
91%
1's one-time confidant seeks a remedy for the mysterious illness greyscale31Jorah
91%
Surname of 9, 21, 22 and 34Greyjoy
90%
The warrior travels to Winterfell to resume fulfilling her oath to protect 2829Brienne of Tarth
90%
The powerful lord schemes to convince 28 to lay claim to the North - and marry him30Petyr
90%
Surname of 4 and 36Clegane
90%
Jon's surnameSnow
89%
The rogue fighter travels with the outlaw group known as the Brotherhood Without Banners36Sandor
89%
Ellaria's surnameSand
88%
The seemingly invincible bodyguard protects 14Gregor
88%
Surname of 8, 12 and 15Targaryen
88%
Surname of 26 and 31Mormont
87%
5's youngest brother, murdered by a shadow creature resembling 1011Renly
87%
Samwell's surnameTarly
87%
Grey's 2nd nameWorm
86%
The priestess rides south after being banished for killing a child33Melisandre
85%
15's brother was crowned with molten gold by Dothraki warlord Khai Drogo12Viserys
85%
The would-be Queen of the Iron Islands is intent on defeating 34, her uncle21Yara
84%
The smuggler turned knight supports 24 after ousting 3325Davos
84%
Petyr's surnameBaelish
84%
The King of the Iron Islands plots to conquer Westeros34Euron
83%
The counselor to 15 secures alliances with influential families16Varys
83%
Interpreter who serves as 15's right-hand woman17Missandei
81%
The "bastard" son of 5 was last seen rowing a boat32Gendry
81%
Olenna's surnameTyrell
79%
Davos' surnameSeaworth
78%
The matriarch plots the downfall of 1 for killing her family20Olenna
77%
The leader of the Free Folk rallies the Wildlings behind 24 in preparation for the Great War27Tormund
76%
The "Mad King", 15's father, stabbed in the back by 38Aerys II
76%
21's and 22's father was thrown from a bridge by 34, his brother9Balon
71%
The Lady of Bear Island champions 24 as King in the North26Lyanna
71%
The Hand of the Queen continues to climb the ladder of power in King's Landing2Qyburn
70%
Dorne's rebel leader pursues revenge on the family of 123Ellaria
67%
Tormund's surnameGiantsbane
62%

Score Distribution

Percentile by Number Answered

Percent of People with Each Score

Your Score History

You have not taken this quiz